header

After Whitehead (Record no. 37329)

MARC details
000 -LEADER
fixed length control field 01266nam a2200337 a 4500
245 00 - TITLE STATEMENT
Title After Whitehead
260 ## - PUBLICATION, DISTRIBUTION, ETC. (IMPRINT)
Place of publication Frankfurt :
Name of publisher Ontos Verlag,
Year of publication 2004.
300 ## - PHYSICAL DESCRIPTION
Number of Pages 339 p. :
Other physical details ill.
650 #0 - SUBJECT ADDED ENTRY--TOPICAL TERM
Topical Term Process philosophy.
700 1# - ADDED ENTRY--PERSONAL NAME
Personal name Weber, Michel,
856 40 - ELECTRONIC LOCATION AND ACCESS
Uniform Resource Identifier http://site.ebrary.com/lib/rucke/Doc?id=10728755

No items available.

© 2026 Rongo University
Contact us: librarian | system librarian | Rongo university